|
|
|
|
| LEADER |
01088nam a2200289 a 4500 |
| 001 |
1535 |
| 003 |
BD-DhAAL |
| 005 |
20150518122357.0 |
| 008 |
150518s1993 nyuab b 001 0 eng |
| 010 |
|
|
|a 92026666
|
| 020 |
|
|
|a 0070150338
|
| 040 |
|
|
|a DLC
|c DLC
|d DLC
|d BD-DhAAL
|
| 050 |
0 |
0 |
|a E178.1
|b .B827 1993
|
| 082 |
0 |
0 |
|a 973
|2 20
|
| 100 |
1 |
|
|a Brinkley, Alan.
|9 7130
|
| 245 |
1 |
4 |
|a The unfinished nation :
|b a concise history of the American people /
|c Alan Brinkley.
|
| 260 |
|
|
|a New York :
|b McGraw-Hill,
|c c1993.
|
| 300 |
|
|
|a 1 v. (various pagings) :
|b ill., col. maps ;
|c 23 cm.
|
| 500 |
|
|
|a Adaptation of: American history, a survey / by Alan Brinkley ... [et al.].
|
| 500 |
|
|
|a "Overture books."
|
| 504 |
|
|
|a Includes bibliographical references and index.
|
| 541 |
|
|
|e 1535
|
| 651 |
|
0 |
|a United States
|x History.
|9 11168
|
| 730 |
0 |
|
|a American history (8th ed.)
|9 11169
|
| 942 |
|
|
|2 ddc
|c BK
|
| 999 |
|
|
|c 34450
|d 34450
|
| 952 |
|
|
|0 0
|1 0
|2 ddc
|4 0
|6 973_000000000000000_BRI
|7 0
|9 53778
|a SCL
|b SCL
|c GEN
|d 2015-05-18
|e Gift: The Asia Foundation
|l 0
|o 973 BRI
|p 3020001535
|r 2015-05-18
|t 1
|w 2015-05-18
|y BK
|